000 00581nam a22001937a 4500
999 _c8307
_d8307
003 AR-CdUCM
008 190322b ||||| |||| 00| 0 spa d
040 _aMUNICIPALIDAD PROVINCIAL DEL CUSCO
_cBIBLIOTECA MUNICIPAL DEL CUSCO
082 _a869.56 /
_bM63
100 _aMiranda, Efraín
_99268
245 _aMuerte cercana :
_bpoesías /
260 _aLima :
_bTalleres Gráficos Mercagraph,
_c1954.
300 _a48 páginas ;
_c22 cm.
500 _aDonación familia Nieto.
650 _aPoesías peruanas
_91481
650 _aSiglo XX
_98
942 _2ddc
_cLIBROS
945 _azta